000 00552nam a22001937a 4500
003 OSt
005 20140310182340.0
008 130926t xxu||||| |||| 00| 0 eng d
020 _a9780830631254
050 _aQ 164
_b.B8423 1988
082 _aGS 507.8
_b B81 1988
100 _aBrown, Bob
_921715
245 _aMore science for you /
_b 112 illustrated experiments ;
_c Bob brown
260 _aNew York :
_bTAB Books,
_cc1988.
300 _a124 p. :
_bill. ;
_c 24 cm.
600 _aBrown, Bob
_921716
942 _2lcc
_cBK-GS
_eGS
999 _c12121
_d12121